Text book of hydraulic machines (Record no. 10732)

000 -LEADER
fixed length control field 00441nam a22001817a 4500
001 - CONTROL NUMBER
control field 10732
003 - CONTROL NUMBER IDENTIFIER
control field BD-DhUET
008 - FIXED-LENGTH DATA ELEMENTS--GENERAL INFORMATION
fixed length control field 150209b xxu||||| |||| 00| 0 eng d
040 ## - CATALOGING SOURCE
Transcribing agency 0
Modifying agency BD-DhUET
082 ## - DEWEY DECIMAL CLASSIFICATION NUMBER
Classification number 621.2
Item number KHU/1985
100 ## - MAIN ENTRY--PERSONAL NAME
Personal name Khurmi, R. S.
245 ## - TITLE STATEMENT
Title Text book of hydraulic machines
250 ## - EDITION STATEMENT
Edition statement 14th ed.
260 ## - PUBLICATION, DISTRIBUTION, ETC. (IMPRINT)
Place of publication, distribution, etc. New Delhi
Name of publisher, distributor, etc. S. Chand
Date of publication, distribution, etc. 1985
300 ## - PHYSICAL DESCRIPTION
Extent vii, v.p.
Other physical details ill.
650 #0 - SUBJECT ADDED ENTRY--TOPICAL TERM
Topical term or geographic name as entry element Hydraulic Machines
942 ## - ADDED ENTRY ELEMENTS (KOHA)
Koha item type General Book
Holdings
Koha item type Price effective from Not for loan Piece designation (barcode) Koha full call number Shelving location Koha date last seen Koha normalized classification for sorting Location (home branch) Date acquired Sublocation or collection (holding branch) Lost status Damaged status Copy number Withdrawn status Source of classification or shelving scheme
General Book2015-02-09 64129621.2/KHU/1985Circulation section2015-02-09621_200000000000000_KHU_1985Central Library, BUET2015-02-09Central Library, BUET  1  
General Book2015-02-09 64154621.2/KHU/1985Circulation section2015-02-09621_200000000000000_KHU_1985Central Library, BUET2015-02-09Central Library, BUET  2  
General Book2015-02-09 64142621.2/KHU/1985Circulation section2015-02-09621_200000000000000_KHU_1985Central Library, BUET2015-02-09Central Library, BUET  3  
General Book2015-02-09 56685621.2/KHU/1985Circulation section2015-02-09621_200000000000000_KHU_1985Central Library, BUET2015-02-09Central Library, BUET  4  
General Book2015-02-09 64155621.2/KHU/1985Circulation section2015-06-22621_200000000000000_KHU_1985Central Library, BUET2015-02-09Central Library, BUET  5  
General Book2015-02-09 64132621.2/KHU/1985Circulation section2015-02-09621_200000000000000_KHU_1985Central Library, BUET2015-02-09Central Library, BUET  6  
General Book2015-02-09 64136621.2/KHU/1985Circulation section2015-02-09621_200000000000000_KHU_1985Central Library, BUET2015-02-09Central Library, BUET  7  
General Book2015-02-09 64153621.2/KHU/1985Circulation section2015-02-09621_200000000000000_KHU_1985Central Library, BUET2015-02-09Central Library, BUET  8  
General Book2015-02-09 64134621.2/KHU/1985Circulation section2015-02-09621_200000000000000_KHU_1985Central Library, BUET2015-02-09Central Library, BUET  9  
General Book2015-02-09 64150621.2/KHU/1985Circulation section2015-02-09621_200000000000000_KHU_1985Central Library, BUET2015-02-09Central Library, BUET  10  
General Book2015-02-09 64137621.2/KHU/1985Circulation section2015-02-09621_200000000000000_KHU_1985Central Library, BUET2015-02-09Central Library, BUET  11  
General Book2015-02-09 64139621.2/KHU/1985Circulation section2015-02-09621_200000000000000_KHU_1985Central Library, BUET2015-02-09Central Library, BUET  12